The solution of tactical problems; (Record no. 552380)
[ view plain ]
| 000 -LEADER | |
|---|---|
| fixed length control field | 00523cam a2200157u 4500 |
| 082 ## - DEWEY DECIMAL CLASSIFICATION NUMBER | |
| Classification number | 355.42 |
| Author Mark | NEE |
| -- | D. |
| 100 1# - MAIN ENTRY--PERSONAL NAME | |
| Personal name | Needham, John Layland, |
| 9 (RLIN) | 49592 |
| 245 14 - TITLE STATEMENT | |
| Title | The solution of tactical problems; |
| Remainder of title | a logical and easy way of working out the tactical schemes set at examinations, |
| 250 ## - EDITION STATEMENT | |
| Edition statement | 11th ed. |
| 260 ## - PUBLICATION, DISTRIBUTION, ETC. | |
| Place of publication, distribution, etc. | London, |
| Name of publisher, distributor, etc. | H. Rees, ltd., |
| Date of publication, distribution, etc. | 1917. |
| 300 ## - PHYSICAL DESCRIPTION | |
| Extent | xviii, 277 p. |
| Other physical details | 7 fold. plans. |
| Dimensions | 22 cm. |
| 526 ## - STUDY PROGRAM INFORMATION NOTE | |
| Program name | 0 |
| Interest level | 0 |
| Reading level | 0 |
| Title point value | 355_420000000000000_NEE |
| 650 #0 - SUBJECT ADDED ENTRY--TOPICAL TERM | |
| Topical term or geographic name entry element | MCE |
| 9 (RLIN) | 379 |
| 650 #0 - SUBJECT ADDED ENTRY--TOPICAL TERM | |
| Topical term or geographic name entry element | Tactics. |
| 9 (RLIN) | 37945 |
| 942 ## - ADDED ENTRY ELEMENTS (KOHA) | |
| Source of classification or shelving scheme | |
| Koha item type | Book |
| Withdrawn status | Lost status | Source of classification or shelving scheme | Damaged status | Not for loan | Permanent Location | Current Location | Shelving location | Date acquired | Total Checkouts | Full call number | Barcode | Date last seen | Price effective from | Koha item type |
|---|---|---|---|---|---|---|---|---|---|---|---|---|---|---|
| Military College of Engineering (MCE) | Military College of Engineering (MCE) | 01/14/2015 | 355.42 NEE | MCE-ECS/109 | 01/14/2015 | 01/14/2015 | Book |
